000 00340nam a2200145Ia 4500
005 20251020182559.0
008 200515s9999 xx 000 0 und d
082 _aSC/331.822/823.56/C74
245 0 _aConsejos generales de prudencia
260 _aLima
260 _cs.a.
300 _as.n.
650 _aSEGURIDAD E HIGIENE
942 _cLIB
999 _c3003
_d3003